000
00312nam a22001337a 4500
008
170502b xxu||||| |||| 00| 0 eng d
020
_a
9780195130539
041
_a
eng
080
_a
34
100
_a
13
101
_a
SHJ
245
_a
SENTENCING AND SANCTIONS WESTERN COUNTRIES
_c
TONRY.M
942
_2
udc
_c
BK
999
_c
12403
_d
12403